Statistiche per Elenca la formazione - Quiz n°65

Clicka qui per fare il quiz!

Statistiche generali

  • Questo quiz è stato fatto 14 volte
  • Il punteggio medio è 6 su 11

Statistiche sulle risposte

RuoloNazioneCalciatore% Corretto
CentrocampistaItaliaMarco Verratti
92%
PortiereItaliaSalvatore Sirigu
92%
AttaccanteSveziaZlatan Ibrahimović
92%
AttaccanteArgentinaEzequiel Lavezzi
77%
CentrocampistaArgentinaJavier Pastore
69%
CentrocampistaFranciaBlaise Matuidi
54%
DifensoreBrasileMaxwell
54%
DifensoreBrasileAlex
38%
CentrocampistaBrasileLucas Moura
38%
DifensoreFranciaChristophe Jallet
15%
DifensoreFranciaSylvain Armand
0%

Distribuzione punteggi

Percentile per numero di risposta

Percentuale di utenti per punteggio

I tuoi punteggi nel tempo

Non hai fatto questo quiz